000 01591cam a22004334i 4500
003 PE-LiUPU
005 20250731172855.0
008 160822s r 000 0 spa d
020 _a842932058X
020 _a9788429320589
035 _a(Sirsi) a163087
082 0 4 _a241.4
_bA55
100 1 _aAnnunziata, Enza,
_eautor.
245 1 3 _aUn hombre bajaba de Jerusalén a Jericó :
_bgestos de misericordia /
_cEnza Annunziata, Rinaldo Paganelli.
264 _aMaliaño, Cantabria :
_bSal Terrae,
_c2013.
300 _a150 páginas ;
_c21 centímetros
336 _atext
_2rdacontent
337 _aunmediated
_2rdamedia
338 _avolume
_2rdacarrier
505 0 _aTodos somos caminantes -- El "descenso" de Dios -- El camino del hombre -- ¿Pararse o pasar de largo? -- Encontrar una mirada -- La dificultad de detenerse -- Sentimientos difíciles de conciliar -- Bajo de Jerusalén a Jericó -- Acoger y curar -- Tiempo para reflexionar.
526 _aSEG42
526 _aSEG41
526 _aSEG40
526 _aSEG39
526 _aP94
526 _aP87
526 _aP86
526 _aP85
526 _aP77
526 _aP76
526 _aP35
650 1 4 _aPobreza
_xAspectos religiosos
_xCristianismo.
650 1 4 _aPobreza
_zPachacamac.
650 2 4 _aCaridad.
596 _a1
942 _2ddc
_cBOOK
999 _a241.4 A55
_wDEWEY
_c11995
_i69479
_f2021-11-10
_g5
_lCCODEBUL1
_mBUL
_p24.00
_r0
_sY
_tBOOK
_u2016-8-22
_xTEOLOGIA
_PP35
_0COMPRA
_o.STAFF. Colección Teología
_d11995
980 _81
_gALBERTO SANCHEZ Responsable de Automatización